Statistics for Don't Hurt Yourself - Beyoncé, Jack White

Click here to take the quiz!

General Stats

  • This quiz has been taken 31 times
  • The average score is 311 of 381

Answer Stats

Answer% Correct
do
100%
me
100%
me)
100%
no)
100%
no
100%
to
100%
Yo
100%
you
100%
You
100%
your
100%
yourself
100%
yourself)
100%
a
96%
am
96%
am?
96%
(Don't
96%
don't
96%
Don't
96%
Fuck
96%
fuck
96%
hurt
96%
I
96%
the
96%
think
96%
Who
96%
ain't
92%
be
92%
bitch
92%
boy
92%
not
88%
on
88%
try
88%
Try
88%
As
83%
ass
83%
average
83%
Beautiful
83%
got
83%
in
83%
love
83%
Love
83%
man
83%
married
83%
my
83%
(When
83%
big
79%
can
79%
fat
79%
give
79%
God
79%
her
79%
just
79%
Just
79%
kiss
79%
lie
79%
lying
79%
next
79%
X
79%
Call
75%
complex
75%
dick
75%
dragon
75%
fire
75%
I'm
75%
it
75%
let
75%
Let
75%
lion
75%
motherfucker
75%
shit
75%
Tonight
75%
You're
75%
you're
75%
alone
71%
baby
71%
Bad
71%
bounce
71%
enough
71%
fucking
71%
hater
71%
know
71%
operator
71%
smile
71%
this
71%
all
67%
And
67%
breathing
67%
gon'
67%
gotta
67%
hard
67%
herself
67%
If
67%
is
67%
keep
67%
lose
67%
Malcolm
67%
Motivate
67%
never
67%
own
67%
recreate
67%
twist
67%
watch
67%
wife
67%
again
63%
Being
63%
can't
63%
face
63%
for
63%
money
63%
much
63%
Oh
63%
play
63%
smell
63%
too
63%
up
63%
We
63%
broken
58%
deep
58%
fragrance
58%
innovator
58%
Louis
58%
only
58%
realize
58%
You'll
58%
bigger
54%
diss
54%
Hey
54%
loving
54%
mane
54%
na
54%
with
54%
crying
50%
fucks
50%
knit
50%
that
50%
babe
46%
final
46%
life
46%
trying
46%
warning
46%
(Hell
42%
reaching
42%
'Til
42%
Blindly
38%
or
33%
peaks
33%
Get
21%
Uh
13%

Score Distribution

Percentile by Number Answered

Percent of People with Each Score

Your Score History

You have not taken this quiz